000 01650nas a2200277Ia 4500
001 R052-S5727
003 IT-CnALBA
008 170116c99999999xx |||||||||||| ||und||
040 _aIT-CnALBA
_cIT-CnALBA
041 _aITALIANO
100 _aDI STEFANO ALFREDO
210 _aLITURGIA
222 _aLITURGIA
245 0 _aLITURGIA. AGOSTO SETTEMBRE 1995. N. 116-117. XLVI SETTIMANA LITURGICA NAZIONALE. CAL. NUOVA SERIE.
250 _a1a ed.
260 _a ROMA
_bCAL, CENTRO AZIONE LITURGICA
_c1995 [1° Ed.:1995 - Ed.Ling.Originale: 1995]
300 _a100 p.
310 _aMENSILE
362 _aFascicolo: 8 / Anno: 29 (1995)
500 _aLITURGIA E NUOVA EVANGELIZZAZIONE. LUNEDI'', QUALE RISPOSTA ALLA DOMANDA RELIGIOSA ATTUALE. INTRONIZZAZIONE DEL VANGELO. CELEBRAZIONI LODI. EUCARISTIA, MARTEDI'' 22 AGOSTO. MERCOLEDI'' 23 AGOSTO. ADATTAMENTO E ANIMAZIONE DELLA LITURGIA PER UNA CELEBRAZIONE PIÙ EVANGELIZZANTE. V GRUPPI DI INTERESSE. GIOVEDÌ 24 AGOSTO. L'ANNO LITURGICO, ITINERARIO DI FEDE PER UNA NUOVA EVANGELIZZAZIONE.
501 _aSocietà San Paolo EM - Piazza San Paolo, 14 - 12051 ALBA (CN) (non commercial uses only) ® Copyright 2017
520 _aLITURGIA E NUOVA EVANGELIZZAZIONE. LUNEDI'', QUALE RISPOSTA ALLA DOMANDA RELIGIOSA ATTUALE. INTRONIZZAZIONE DEL VANGELO. CELEBRAZIONI LODI. EUCARISTIA, MARTEDI'' 22 AGOSTO. MERCOLEDI'' 23 AGOSTO. ADATTAMENTO E ANIMAZIONE DELLA LITURGIA PER UNA CELEBRAZIONE PIÙ EVANGELIZZANTE. V GRUPPI DI INTERESSE. GIOVEDÌ 24 AGOSTO. L'ANNO LITURGICO, ITINERARIO DI FEDE PER UNA NUOVA EVANGELIZZAZIONE.
650 _aCULTO PUBBLICO LITURGIA
942 _cCR
957 _71
999 _a67834
_bNO
_g1
_c333897
_d333897